000 00265nam a2200085Ia 4500
245 0 _aDefiant Images : Photography and Apartheid South Africa
100 _a Newbury, Darren Pretoria, [c.2009]
_985539
942 _cBK
008 210817s9999 xx 000 0 und d
999 _c320100
_d320099